000 00619nmc a2200253 a 4500
003 AR-BaBNM
005 20251128204640.0
008 046019s1991 ||||||||||||||000 | spa||
040 _cAR-BaBNM
100 1 _aIsaacs, Jorge
245 1 0 _aMaría
250 _a3ª ed.
260 _aSantiago de Chile
_bEditorial Andrés Bello
_c1991
300 0 _a312 p.
490 0 _aClub de lectores Andrés Bello
_vv. 76
500 0 _aContiene biografía del autor
650 4 _aLITERATURA
650 4 _aROMANTICISMO
650 4 _aNOVELAS
651 4 _aColombia
655 _aLITERATURA
942 _cBK
998 _cisola
999 _c8219
_d8219